MARC

LEADER 00000nam0a2200000 4500
001 253864
005 20231101232901.0
010 |a 5120006159 
020 |a RU  |b 89-48586 
035 |a (RuTPU)RU\TPU\book\276279 
090 |a 253864 
100 |a 20140317d1989 k a0rusy5003 ca 
101 0 |a rus 
102 |a UA 
105 |a a z 001zy 
200 1 |a Фосфориты запада Украины  |e проект N 86 "Восточно-Европейская платформа (юго-западный край)"  |f Ю. Н. Сеньковский, В. В. Глушко, А. Ю. Сеньковский  |g Академия наук Украинской ССР (АН УССР), Институт геологии и геохимии горючих ископаемых 
210 |a Киев  |c Наукова думка  |d 1989 
215 |a 132 с.  |c ил. 
300 |a Рез.: англ. 
320 |a Библиогр.: с. 121-126 (183 назв.) 
606 1 |a Фосфаты  |x Месторождения  |2 stltpush  |3 (RuTPU)RU\TPU\subj\64155  |9 81076 
610 1 |a фосфоритовые месторождения 
610 1 |a западные области 
610 1 |a геология 
610 1 |a Украина 
610 1 |a геологическое строение 
610 1 |a прогибы 
610 1 |a фосфориты 
675 |a 553.64  |z rus 
700 1 |a Сеньковский  |b Ю. Н.  |g Юрий Николаевич 
701 1 |a Глушко  |b В. В.  |g Василий Васильевич 
701 1 |a Сеньковский  |b А. Ю.  |g Андрей Юрьевич 
712 0 2 |a Академия наук Украинской ССР (АН УССР)  |b Институт геологии и геохимии горючих ископаемых  |2 stltpush  |3 (RuTPU)RU\TPU\col\11474 
801 0 |a RU  |b RuMRKP  |c 19950417  |g psbo 
801 1 |a RU  |b 63413507  |c 20140317 
801 2 |a RU  |b 63413507  |c 20140428  |g RCR 
942 |c BK